Normal view
MARC view
- Sajid Ali (00000276337)
Entry Personal Name
001 - CONTROL NUMBER
- control field: 116726
003 - CONTROL NUMBER IDENTIFIER
- control field: NUST
005 - DATE AND TIME OF LATEST TRANSACTION
- control field: 20230912170030.0
008 - FIXED-LENGTH DATA ELEMENTS
- fixed length control field: 230912|| aca||aabn | a|a d
040 ## - CATALOGING SOURCE
- Original cataloging agency: NUST
- Transcribing agency: NUST
100 ## - HEADING--PERSONAL NAME
- Personal name: Sajid Ali (00000276337)
670 ## - SOURCE DATA FOUND
- Source citation: Work cat.: (NUST): Sajid Ali (00000276337), Energy Management in High RER Multi-Microgrid System via Energy Trading and Storage Optimization /, 2022
